000 00691nam a2200253Ia 4500
003 OSt
005 20220918164605.0
006 a|||||r|||| 00| 0
007 ta
008 220917b |||||||| |||| 00| 0 eng d
020 _a070004116
024 _a45,065
037 _cTextual
040 _aARTS
_cARTS
_beng
041 _2eng
_aeng
082 _aO28:gN, 111N6
100 _aSmart J R
_919617
245 0 _aTraditions and modernity in Arabic language and literature surrey
260 _aSurrey
_bCurzon press
_c1996
300 _aviii, 351p.
_ccm.
650 _aENGLISH LITERATURE
942 _hO28:gN, 111N6
_cTEXL
_2CC
999 _c125479
_d125479